Statistics for Top 100 US Baby Boys' Names of the 1920s

Click here to take the quiz!

General Stats

  • This quiz has been taken 1,191 times
  • The average score is 53 of 100

Answer Stats

HintAnswer% Correct
2John
97%
3James
94%
4William
94%
22David
90%
6George
90%
11Thomas
90%
1Robert
89%
5Charles
88%
18Henry
88%
52Michael
88%
14Paul
88%
9Edward
87%
59Peter
87%
8Richard
87%
45Daniel
86%
12Frank
86%
56Andrew
84%
23Harry
84%
17Jack
83%
7Joseph
83%
10Donald
81%
94Sam
81%
33Fred
78%
93Ronald
77%
46Samuel
74%
21Albert
73%
91Benjamin
73%
41Anthony
69%
20Arthur
69%
16Walter
68%
95Allen
67%
63Frederick
67%
55Leo
67%
35Francis
66%
13Harold
65%
81Martin
65%
36Lawrence
64%
76Leon
64%
70Philip
64%
90Victor
63%
19Kenneth
62%
38Leonard
61%
74Vincent
61%
62Ray
60%
40Alfred
59%
34Joe
59%
29Louis
56%
64Theodore
56%
87Bill
54%
27Carl
54%
100Oscar
53%
15Raymond
53%
57Edwin
52%
78Charlie
51%
44Gerald
49%
89Roger
46%
42Stanley
46%
99Edgar
45%
37Herbert
44%
26Howard
44%
43Norman
44%
48Billy
41%
77Lewis
41%
32Roy
41%
39Ernest
40%
47Bernard
37%
25Ralph
37%
50Marvin
36%
73Wayne
36%
96Arnold
35%
51Warren
35%
80Calvin
33%
30Clarence
33%
84Jesse
33%
75Gordon
32%
83Lee
30%
54Russell
29%
71Alvin
28%
24Eugene
28%
49Melvin
28%
88Harvey
27%
28Willie
27%
92Wallace
25%
72Lester
24%
61Lloyd
24%
69Chester
23%
31Earl
23%
98Gilbert
23%
86Cecil
22%
65Clifford
22%
67Herman
21%
85Dale
20%
79Glenn
20%
66Vernon
20%
60Floyd
19%
82Milton
18%
68Clyde
17%
53Leroy
17%
58Elmer
15%
97Willard
8%

Score Distribution

Percentile by Number Answered

Percent of People with Each Score

Your Score History

You have not taken this quiz